000 00556nam a22002057a 4500
003 NALT
005 20220930095453.0
008 s2005 eng d
020 _a155285759X
040 _aNALT
041 _aeng
090 _aAZ 390.C3
_bL56C 2005
100 1 _aLloyd, Tanya.
_958997
245 1 0 _aCanada :
_ba visual journey /
_cTanya Lloyd.
260 _aVancouver, Canada :
_bWhitecap Books,
_c2005
300 _a250 p. :
_bills. ;
_c26 cm.
651 4 _958998
_aCanada
_xPictorial works
850 _aNALT
942 _cREF
_2local
999 _c48282
_d48282
998 _j109
_k นางสาวอารีรัตน์ วิชาช่าง